ARRUPE JESUIT UNIVERSITY

CORONAVIRUS -STOP THE SPREAD - CLEAN,DISINFECT,COVER

Understanding social policy / (Record no. 129763)

MARC details
000 -LEADER
fixed length control field 01434cam a2200325 a 4500
001 - CONTROL NUMBER
control field 11794783
003 - CONTROL NUMBER IDENTIFIER
control field ARRUPE
005 - DATE AND TIME OF LATEST TRANSACTION
control field 20190828102016.0
008 - FIXED-LENGTH DATA ELEMENTS--GENERAL INFORMATION
fixed length control field 990924s2000 enk b 001 0 eng
010 ## - LIBRARY OF CONGRESS CONTROL NUMBER
LC control number 99049424
020 ## - INTERNATIONAL STANDARD BOOK NUMBER
International Standard Book Number 0631216863 (hbk. : alk. paper)
020 ## - INTERNATIONAL STANDARD BOOK NUMBER
International Standard Book Number 0631216871 (pbk. : alk. paper)
040 ## - CATALOGING SOURCE
Original cataloging agency DLC
Transcribing agency DLC
Modifying agency DLC
043 ## - GEOGRAPHIC AREA CODE
Geographic area code e-uk---
050 00 - LIBRARY OF CONGRESS CALL NUMBER
Classification number HN390
Item number .H52 2000
082 00 - DEWEY DECIMAL CLASSIFICATION NUMBER
Classification number 361.6/1/0941
Edition number 21
300 ## - PHYSICAL DESCRIPTION
Dimensions 24 cm.
100 1# - MAIN ENTRY--PERSONAL NAME
Personal name Hill, Michael J.
Fuller form of name (Michael James),
Dates associated with a name 1937-
9 (RLIN) 47969
245 10 - TITLE STATEMENT
Title Understanding social policy /
Statement of responsibility, etc Michael Hill.
250 ## - EDITION STATEMENT
Edition statement 6th ed.
260 ## - PUBLICATION, DISTRIBUTION, ETC. (IMPRINT)
Place of publication, distribution, etc Oxford ;
-- Malden, Mass. :
Name of publisher, distributor, etc Blackwell Publishers,
Date of publication, distribution, etc 2000.
300 ## - PHYSICAL DESCRIPTION
Extent viii, 278 p. ;
504 ## - BIBLIOGRAPHY, ETC. NOTE
Bibliography, etc Includes bibliographical references (p. [262]-273) and index.
650 #0 - SUBJECT ADDED ENTRY--TOPICAL TERM
Topical term or geographic name as entry element Welfare state.
9 (RLIN) 7525
650 #0 - SUBJECT ADDED ENTRY--TOPICAL TERM
Topical term or geographic name as entry element Welfare economics.
9 (RLIN) 19002
651 #0 - SUBJECT ADDED ENTRY--GEOGRAPHIC NAME
Geographic name Great Britain
General subdivision Social policy.
9 (RLIN) 47970
856 42 - ELECTRONIC LOCATION AND ACCESS
Materials specified Contributor biographical information
Uniform Resource Identifier <a href="http://www.loc.gov/catdir/enhancements/fy0802/99049424-b.html">http://www.loc.gov/catdir/enhancements/fy0802/99049424-b.html</a>
856 42 - ELECTRONIC LOCATION AND ACCESS
Materials specified Publisher description
Uniform Resource Identifier <a href="http://www.loc.gov/catdir/enhancements/fy0802/99049424-d.html">http://www.loc.gov/catdir/enhancements/fy0802/99049424-d.html</a>
856 41 - ELECTRONIC LOCATION AND ACCESS
Materials specified Table of contents only
Uniform Resource Identifier <a href="http://www.loc.gov/catdir/enhancements/fy0802/99049424-t.html">http://www.loc.gov/catdir/enhancements/fy0802/99049424-t.html</a>
906 ## - LOCAL DATA ELEMENT F, LDF (RLIN)
a 7
b cbc
c orignew
d 1
e ocip
f 19
g y-gencatlg
942 ## - ADDED ENTRY ELEMENTS (KOHA)
Source of classification or shelving scheme Library of Congress Classification
Koha item type Monograph ( Printed materials)
Holdings
Withdrawn status Lost status Source of classification or shelving scheme Damaged status Not for loan Collection code Home library Current library Shelving location Date acquired Total Checkouts Full call number Barcode Date last seen Price effective from Koha item type
    Library of Congress Classification     Main Collection ARRUPE LIBRARY ARRUPE LIBRARY Main Collection 28/08/2019   HN390 .H52 2000 46600005256 28/08/2019 28/08/2019 Monograph ( Printed materials)

 

Arrupe Library. PO Box MP320 Mt Pleasant, Harare, Zimbabwe
263 242 745411|librarian@aju.ac.zw